LEADER 01315nam a2200289 a 4500 001 000000123057 003 CaOOAMICUS 005 20100923114752.0 008 100923t2010 vc u000 u ita r 020 $a978-88-465-0713-6 040 $aPUL$bita$dMCT 082 04$a230 100 1 $aRava, Eva Carlota,$d1940-$0(OLS)http://pul/name/1338 245 13$aLa Grazia di Dio che è con me :$blibertà e grazia nella vita spirituale /$cEva Carlota Rava. 260 $aCittà del Vaticano :$bLateran University Press,$c©2010. 300 $a316 p. ;$c24 cm. 490 1 $aProspettive ;$v3 504 $aInclude riferimenti bibliografici e indici. 650 14$aGrazia (teologia).$0(OLS)http://pul/subject/5643 830 0$aProspettive (Lateran University Press) ;$v3.$0(OLS)http://pul/title/138646 850 $aPUL 852 $aPUL$W1$xSL Religione 3$y85$m230 COLL 2.3$j141406$qDDC 21$B140448$CPULBib$Z2$F140448 $H114869 $82 941 1 $a9 996 $6020$a978-88-465-0713-6$9(OLS)http://pul/number/145415 996 $6082$a230$9(OLS)http://pul/classification/368 996 $6245$aLa Grazia di Dio che è con me :$blibertà e grazia nella vita spirituale$9(OLS)http://pul/title/155095 996 $6260$aCittà del Vaticano :$bLateran University Press$9(OLS)http://pul/publisher/74585 LEADER 01272nam a2200313 a 4500 001 000000135706 003 CaOOAMICUS 005 20131009125600.0 008 131009s2013 fr a u000 u fre r 020 $a978-2-336-00854-7 040 $aPUL$bita 082 04$a701 100 1 $aHillaire, Norbert.$0(OLS)http://pul/name/87385 245 13$aLa fin de la modernité sans fin /$cNorbert Hillaire. 260 $aParis :$bL'Harmattan,$c©2013. 300 $a213 p. :$bill. ;$c24 cm 490 1 $aOuverture philosophique. Série esthétique 504 $aNote bibliografiche. 650 4$aArte$xFilosofia.$0(OLS)http://pul/subject/18956 650 4$aModernismo.$0(OLS)http://pul/subject/4140 830 0$aOuverture philosophique.$pSérie esthétique.$0(OLS)http://pul/title/171573 850 $aPUL 852 $aPUL$W1$xSL Cons. Gen., Altre Classi 3$y75$m701 HILNO 1$j156500$qDDC 21$B155846$CPULBib$Z2$F155846 $H122894 $82 941 1 $a9 996 $6020$a978-2-336-00854-7$9(OLS)http://pul/number/153683 996 $6082$a701$9(OLS)http://pul/classification/2541 996 $6245$aLa fin de la modernité sans fin$9(OLS)http://pul/title/171572 996 $6260$aParis :$bL'Harmattan$9(OLS)http://pul/publisher/67114